000 00658nam 22002293 4500
001 199534
021 _aPT
090 _a199534
100 _a20251215d u||y0pory50 ba
200 _aA pedagogia militante
_fAndré Ferré
_gtradução Vítor Rodrigues
205 _a
210 _aLisboa
_cMoraes
_d1977
215 _a192, [4] p.
_cencadernado
_d20 cm
225 _aPsicologia e pedagogia
606 _95170
_aCiências Sociais Educação
610 _aPráticas pedagógicas.
675 _a37.013
_vPT
_zpor
700 _915366
_aFerré
_bAndré
_f1899-1967
702 _915367
_aRodrigues
_bVitor
801 _aPT
_bBMMN
_gRPC
830 _cAna
_fAna
990 _cLIVROS